Missing Word: 1960s 'G' Song Endings Quiz Stats

 Plays Quiz Updated Dec 3, 2016

Support Sporcle.
Go Orange.
Score 0/20 Timer 04:00
0 Plays Today
Song Missing Word % Correct
Where Have All the Flowers ___Gone
93.3%
I Heard It Through the _____Grapevine
93.2%
The Jolly Green _____Giant
91.4%
Silence Is _____Golden
91.3%
I Got You (I Feel _____)Good
91.1%
California _____Girls
88.8%
Break It to Me _____Gently
87.9%
The Name _____Game
86.9%
The Nitty _____Gritty
86.7%
Zorba the _____Greek
81.8%
Song Missing Word % Correct
My _____Guy
70%
Grazing in the _____Grass
67.5%
My _____Generation
60.3%
Speedy _____Gonzales
59.9%
In the _____Ghetto
55.2%
Classical _____Gas
52.7%
Lady _____Godiva
51.4%
Judy in Disguise (With _____)Glasses
44.2%
Peter _____Gunn
41.9%
Indian _____Giver
26.4%

Today's Daily Dose

You're not logged in!

Compare scores with friends on all Sporcle quizzes.
OR
Log In

From the Vault

Click an HBO Show (2010s)

by qlh27

Now go figure out how much it would cost to watch these with all the subscriptions.
Remove Ads.
Support Sporcle.
Get the best of Sporcle when you Go Orange. This ad-free experience offers more features, more stats, and more fun while also helping to support Sporcle. Thank you for becoming a member.

Show Comments

Extras

Top Quizzes Today


Score Distribution

Your Account Isn't Verified!

In order to create a playlist on Sporcle, you need to verify the email address you used during registration. Go to your Sporcle Settings to finish the process.

Report this User

Report this user for behavior that violates our Community Guidelines.

Details: